[Event "18th Prague Open-A 2019"]
[Site "Prague"]
[Date "2019.01.18"]
[Round "9"]
[White "Low, Zhen Yu Cyrus"]
[Black "Zhang, Xiaopeng"]
[Result "1-0"]
[WhiteElo "2385"]
[BlackElo "2299"]
[Annotator "TA"]
[PlyCount "93"]
[EventDate "2019.01.11"]
[EventType "swiss"]
[EventCountry "CZE"]
[SourceTitle "playchess.com"]
[Source "ChessBase"]
[SourceQuality "1"]

{[%evp 28,93,0,0,34,28,51,51,52,52,64,52,68,58,66,12,10,-6,-12,-18,-13,-8,13,13,11,0,3,16,22,0,11,0,35,40,99,88,93,80,157,164,162,165,251,243,303,293,285,268,268,262,264,271,264,271,272,245,259,268,258,239,304,313,477,289,468,283,293,289]} 1. e4 e5 2. Nf3 Nc6 3. Bc4 Bc5 4. O-O Nf6 5. d3 d6 6. c3 a6 7. Bb3 Ba7 8. Nbd2 {[%cal Bb1d2,Bd2f1,Bf1g3][%mdl 32]} O-O 9. h3 Be6 10. Bc2 h6 11. Re1 Re8 12. Nf1 {C54: Giuoco Piano: 4 c3 Nf6, main lines with 5 d4 and 5 d3} d5 13. exd5 Nxd5 14. Ng3 Qd6 15. Nh4 {[#] LiveBook: 25 Games} Qf8 $146 ({Predecessor:} 15... Qd7 16. Qf3 Qe7 17. Nhf5 Qf8 18. Bb3 Rad8 19. Nh5 Bxf5 20. Qxf5 {½-½ (98) Giri,A (2778)-So,W (2767) Bilbao 2015}) 16. Nhf5 Nde7 17. Qh5 {[%cal Rf5h6] [#] Strongly threatening Nxh6+.} Nxf5 18. Nxf5 Bxf5 19. Qxf5 Qd6 20. Qe4 f5 21. Qc4+ (21. Qxf5 Rf8 $17) (21. Qe2 $14) 21... Kh8 $11 22. Be3 Bxe3 23. Rxe3 b5 24. Qh4 Rf8 25. Rae1 Rf6 $1 26. Qh5 Raf8 27. Qd1 Qc5 28. Qd2 Rg6 29. Bb3 e4 30. Qd1 (30. dxe4 f4 $17) 30... Rd8 (30... Qd6 $14) 31. Qh5 $16 Rg5 32. Qe2 $36 {[%mdl 2048] Black is under strong pressure.} Qf8 {[#]} (32... Rg6 $142) 33. f4 $1 {[%cal Rf4g5]} ({Don't play} 33. dxe4 $6 f4 $11) 33... exf3 34. Qxf3 f4 (34... Rg6 {might work better.} 35. Re6 Rxe6 36. Rxe6 Nb8) 35. Re6 Na5 36. Bc2 ({Not} 36. Rxa6 Nxb3 37. axb3 Rg3 $11) 36... Rg3 37. Qf2 Rg5 38. Rf1 Rf5 39. Rxa6 Nb7 40. d4 Rf7 41. Bg6 Rf6 42. Rxf6 Qxf6 43. Bb1 Rf8 44. Qc2 {[%csl Gb1][%cal Rc2h7]} Kg8 (44... g6 $142 45. Qxg6 Qxg6 46. Bxg6 Nd6) 45. Qh7+ $18 Kf7 46. Qe4 Nd6 47. Qxf4 {Precision: White = 64%, Black = 36%.} ({But not} 47. Qd5+ Ke7 $18) 1-0

[Event "18th Prague Open-A 2019"]
[Site "Prague"]
[Date "2019.01.18"]
[Round "9"]
[White "Gschnitzer, Oswald"]
[Black "Riha, Vojtech"]
[Result "1/2-1/2"]
[WhiteElo "2370"]
[BlackElo "2145"]
[Annotator "NA"]
[PlyCount "48"]
[EventDate "2019.01.11"]
[EventType "swiss"]
[EventCountry "CZE"]
[SourceTitle "playchess.com"]
[Source "ChessBase"]
[SourceQuality "1"]
[TimeControl "40/5400+30:1800+30"]

1. Nf3 {[%emt 0:00:00]} Nf6 {[%emt 0:00:00]} 2. c4 {[%emt 0:00:02]} d6 {[%emt 0:00:30]} 3. d4 {[%emt 0:00:13]} g6 {[%emt 0:00:19]} 4. Nc3 {[%emt 0:00:12]} Bg7 {[%emt 0:00:07]} 5. Bg5 {[%emt 0:00:47]} h6 {[%emt 0:04:50]} 6. Bh4 {[%emt 0:00:16]} Nbd7 {[%emt 0:02:50]} 7. e3 {[%emt 0:01:28]} O-O {[%emt 0:03:32]} 8. Qc2 {[%emt 0:01:51]} a6 {[%emt 0:03:25]} 9. Be2 {[%emt 0:00:34]} c6 {[%emt 0:04:09]} 10. O-O {[%emt 0:08:30]} b5 {[%emt 0:04:40]} 11. b4 $11 {[%emt 0:10:42] LiveBook: 3 Games} Nb6 {[%emt 0:09:33]} 12. c5 {[%emt 0:07:36]} Nc4 {[%emt 0:00:58]} 13. a4 {[%emt 0:14:14]} d5 {[%emt 0:04:36]} 14. Bxf6 {[%emt 0:07:33]} Bxf6 {[%emt 0:06:56]} 15. e4 {[%emt 0:03:43]} dxe4 {[%emt 0:09:15]} 16. Qxe4 {[%emt 0:00:36]} Bf5 {[%emt 0:10:16]} 17. Qxc6 {[%emt 0:05:09]} Bxd4 {[%emt 0:01:13]} 18. axb5 {[%emt 0:03:48]} Bxc3 {[%emt 0:01:17]} 19. Rad1 {[%emt 0:01:59]} Qc8 {[%emt 0:09:41]} 20. Qxc8 {[%emt 0:03:11]} Rfxc8 {[%emt 0:01:31]} 21. Bxc4 {[%emt 0:03:17]} axb5 {[%emt 0:00:48]} 22. Bxb5 {[%emt 0:00:28]} Bxb4 {[%emt 0:00:24]} 23. c6 {[%emt 0:00:19]} Ra5 {[%emt 0:00:15]} 24. Nd4 {[%emt 0:01:00]} Bc5 {[%emt 0:00:22]} 1/2-1/2

[Event "18th Prague Open-A 2019"]
[Site "Prague"]
[Date "2019.01.18"]
[Round "9"]
[White "Gschnitzer, Adrian"]
[Black "Pechac, Jergus"]
[Result "1-0"]
[WhiteElo "2368"]
[BlackElo "2472"]
[Annotator "TA"]
[PlyCount "57"]
[EventDate "2019.01.11"]
[EventType "swiss"]
[EventCountry "CZE"]
[SourceTitle "playchess.com"]
[Source "ChessBase"]
[SourceQuality "1"]

{[%evp 10,57,56,25,39,36,82,60,59,50,62,60,61,53,60,54,61,62,90,77,97,97,102,70,105,98,112,108,126,114,122,114,352,343,343,355,359,356,334,297,330,328,446,433,416,312,612,569,721,740]} 1. e4 e5 2. Nf3 Nc6 3. d4 exd4 4. Nxd4 Bb4+ 5. c3 Be7 6. g3 {LiveBook: 11 Games. C45: Scotch Game} (6. Nxc6 bxc6 7. Bd3 d6 8. O-O Nf6 9. Re1 O-O 10. Nd2 Re8 11. Nf3 Nd7 12. Bf4 Nc5 13. Bc2 Bg4 14. h3 Bh5 15. Be3 Nd7 16. Ba4 c5 {0-1 (29) So,W (2810)-Carlsen,M (2822) Saint Louis 2017 CBM 180 [Mekhitarian,K]}) 6... h5 7. h3 b6 $146 ({Predecessor:} 7... Bf6 8. Bg2 Nge7 9. O-O Bxd4 10. cxd4 d5 11. Nc3 Be6 12. exd5 Nxd5 13. Re1 Kf8 {½-½ (73) Segovic,G (2191)-Zaja,I (2487) Bol 2013}) 8. Nxc6 {White is better.} dxc6 9. Qxd8+ Bxd8 10. Be3 a5 11. Nd2 a4 12. O-O-O Bb7 13. Bg2 {[%cal Bf1g2,Bg2h1,Bh1f3,Bf3e2,Be2b5][%mdl 32]} Ne7 14. f4 c5 15. Rhe1 Nc8 16. Bh1 Ne7 17. Bf3 Ra7 18. Nc4 Bc8 19. Ne5 {[#] Strongly threatening Rxd8+!} Be6 20. Be2 $36 {[%mdl 2048] f5 is the strong threat. White is in control.} Bxa2 $2 (20... c6 $16 {keeps fighting.}) 21. Bb5+ $18 c6 22. Nxc6 Nxc6 23. Bxc6+ Ke7 {[#]} 24. f5 $1 Bb3 25. Rd2 Bc7 26. Rd7+ Kf8 27. Kb1 g5 $2 (27... Kg8 28. Bf4 Bxf4 29. Rxa7 Bxg3) 28. Bxg5 Kg7 29. e5 {Precision: White = 71%, Black = 22%.} 1-0

[Event "18th Prague Open-A 2019"]
[Site "Prague"]
[Date "2019.01.18"]
[Round "9"]
[White "Lin, Yi"]
[Black "Sindler, Michal"]
[Result "1-0"]
[WhiteElo "2359"]
[BlackElo "2221"]
[Annotator "TA"]
[PlyCount "81"]
[EventDate "2019.01.11"]
[EventType "swiss"]
[EventCountry "CZE"]
[SourceTitle "playchess.com"]
[Source "ChessBase"]
[SourceQuality "1"]

{[%evp 26,80,56,18,43,37,108,108,109,106,109,-20,-20,-31,-27,-41,0,-51,-47,-79,-64,-107,-101,-127,-106,-135,-95,-357,-123,-214,-88,-238,-238,-229,-235,-281,-241,-218,-131,-136,-18,-18,-18,-18,0,-632,-610,-712,-684,-640,29996,29997,29997,29998,29998,29999,29999]} 1. d4 Nf6 2. c4 g6 3. Nc3 Bg7 4. e4 d6 5. h3 O-O 6. Nf3 e5 7. d5 Na6 8. Be3 Nc5 9. Nd2 a5 10. g4 c6 11. Be2 Bd7 12. g5 {E92: King's Indian: Classical: 6 Be2 e5: 7 dxe5, 7 Be3 and Petrosian System without 7...Nbd7} (12. h4 cxd5 13. cxd5 Rc8 14. g5 Nh5 15. Bxc5 Rxc5 16. Bxh5 gxh5 17. Qxh5 b5 18. a4 bxa4 19. Qd1 Qc7 20. Nxa4 {0-1 (45) Grischuk,A (2751)-Naiditsch,A (2686) Novi Sad 2016}) 12... Ne8 13. h4 f5 14. f3 {LiveBook: 7 Games. White is slightly better.} Nc7 15. Nb3 N7a6 $146 (15... b6 $14) ({Predecessor:} 15... Nxb3 16. Qxb3 c5 17. a4 Qe7 18. Kd2 Na6 {½-½ (64) Votruba,P (2109)-Priborsky,I (2245) Bayern 2009}) 16. Nxc5 $16 Nxc5 17. Qd2 cxd5 18. cxd5 (18. Bxc5 $16 dxc5 19. Qxd5+ {[%mdl 64] Double Attack} Rf7 20. Qxc5) 18... Rc8 $11 19. Rc1 Qe8 20. O-O f4 21. Bf2 (21. Bxc5 $11 Rxc5 22. a4) 21... h6 $15 22. gxh6 Bxh6 23. Kg2 b5 24. Bd3 Rf7 25. Rg1 Rg7 26. Ne2 $2 {[%mdl 8192]} (26. Bxc5 $17 Rxc5 27. Rh1) 26... Nxd3 $2 (26... g5 $19 {and Black stays clearly on top. Strongly threatening ...Qh5.} 27. Bxc5 dxc5) 27. Qxd3 (27. Rxc8 $17 {might work better.} Qxc8 28. Qxd3) 27... g5 (27... Rxc1 $1 $19 {is more deadly.} 28. Nxc1 g5 29. hxg5 b4) 28. hxg5 {[#]} (28. Rxc8 $17 {is the only way for White.} gxh4+ 29. Kf1 Qxc8 30. Rxg7+ Bxg7 31. Bxh4) 28... Rxc1 $1 $19 ({Not} 28... Bxg5 29. Rxc8 Bf6+ 30. Kf1 $15) (28... Rxg5+ 29. Kf1 $17) 29. Nxc1 {[#]} b4 $1 $40 {[%mdl 128] Black is out for blood.} (29... Rxg5+ 30. Kf1 $17) 30. Ne2 Bb5 ({Weaker is} 30... Bxg5 31. Kf1 $17) 31. Qc2 Bxg5 {...Be7+ is the strong threat.} 32. Kf1 Qh5 ({Better is} 32... Qd7 $17 33. Rh1 Qc7) 33. Qc8+ $11 Kh7 34. Qf5+ Kh6 35. Ke1 $2 {[%mdl 8192]} ({But not} 35. a4 $2 bxa3 36. Qe6+ Kh7 $19) (35. Qc8 $11) 35... Qxf3 $19 {[%csl Gb5][%cal Rf3e2]} 36. Ng3 {Black must now prevent Qe6+.} Bd7 37. Qf8 {intending Nf5+.} Bh4 $4 {[%mdl 8192]} (37... Kh7 $19 38. Rh1+ Kg6 39. Qxd6+ Bf6 40. Rh6+ {[%mdl 64] Decoy} Kxh6 41. Qxf6+ Kh7 42. Qh4+ Kg6) 38. Nf5+ {[%mdl 64] Discovered Attack. White mates.} Bxf5 39. Qxg7+ Kh5 40. Qh8+ Bh7 41. Qxh7# {Accuracy: White = 36%, Black = 43%.} 1-0

[Event "18th Prague Open-A 2019"]
[Site "Prague"]
[Date "2019.01.18"]
[Round "9"]
[White "Vojta, Tomas"]
[Black "Lalic, Bogdan"]
[Result "0-1"]
[WhiteElo "2351"]
[BlackElo "2418"]
[Annotator "TA"]
[PlyCount "106"]
[EventDate "2019.01.11"]
[EventType "swiss"]
[EventCountry "CZE"]
[SourceTitle "playchess.com"]
[Source "ChessBase"]
[SourceQuality "1"]

{[%evp 19,106,0,0,-37,-37,-44,-47,-30,-16,-16,-13,-7,0,-85,-83,-91,-102,-75,-72,-110,-109,-109,-108,-103,-110,-100,-95,-118,-107,-132,-139,-162,-163,-170,-159,-159,-157,-166,-166,-164,-152,-193,-187,-212,-205,-205,-181,-230,-214,-284,-284,-311,-305,-318,-318,-318,-318,-378,-373,-433,-383,-413,-411,-398,-389,-464,-487,-506,-497,-506,-496,-886,-468,-729,-747,-941,-912,-773,-720,-29977,-1893,-29978,-1701,-29981,-29982,-29975,-6440,-29970,-6597]} 1. d4 Nf6 2. c3 g6 3. Nf3 Bg7 4. Bg5 O-O 5. Nbd2 d5 6. e3 Nbd7 7. h3 c5 8. Bd3 b6 9. O-O Bb7 {D03: 1 d4 d5 2 Nf3 Nf6 3 Bg5, including Torre Attack with early ...d5} 10. Qb1 (10. a4 Re8 11. a5 c4 12. Bc2 b5 13. a6 Bc6 14. Re1 Qb6 15. Bxf6 Nxf6 16. Ne5 Nd7 {½-½ (57) Kramnik,V (2808)-Li,C (2746) Moscow 2016}) 10... Re8 {LiveBook: 6 Games} 11. Re1 $146 ({Predecessor:} 11. Bf4 Nh5 12. Bh2 e5 13. Bb5 e4 14. Ne1 Nhf6 15. a4 a6 16. Be2 Nf8 17. a5 {0-1 (39) Speelman,J (2507)-Bisby,D (2317) England 2018}) 11... e5 {Black is slightly better.} 12. e4 cxd4 13. cxd4 h6 14. Bxf6 Qxf6 15. Bb5 Bc6 (15... Red8 {with more complications.} 16. Bxd7 Rxd7 17. Nxe5 Rc7 18. exd5 Qd8) 16. dxe5 (16. Qd3 $1 $11) 16... Nxe5 $17 17. Bxc6 Qxc6 18. Nxe5 Bxe5 19. exd5 Qxd5 20. Nf3 Bf6 21. Qc2 {[#]} Kg7 $1 22. Red1 Qb5 23. Rd2 Rac8 24. Qd1 Rcd8 25. Rb1 Rxd2 26. Qxd2 Re2 27. Nd4 Rxd2 28. Nxb5 Bxb2 29. Nxa7 {[%mdl 4096] Endgame KRB-KRN} Bd4 30. a4 Bxf2+ 31. Kh1 {[#]} Rc2 $1 32. Nb5 f5 33. Ra1 h5 {[%cal Bh6h5,Bh5h4][%mdl 32]} 34. Rd1 h4 35. Rf1 Bg3 36. Na3 Rc3 37. Ra1 Be5 {aiming for ...Rb3.} 38. Re1 Kf6 (38... Rxa3 $2 39. Rxe5 Ra1+ 40. Kh2 $19) 39. Nb1 Rc4 40. Nd2 Rxa4 41. Nf3 Bg3 42. Rb1 Bf2 43. Kh2 g5 {[%cal Bg6g5,Bg5g4,Bg4g3][%mdl 32]} 44. Nd2 g4 45. Rf1 (45. Kh1 $142) 45... Kg6 46. Kh1 (46. Rb1 $142) 46... Be3 $19 47. Nb3 Rb4 48. Rb1 Kg5 49. Kh2 g3+ 50. Kh1 Kf4 (50... Rc4 $142 51. Na1 Rc3 52. Rd1 b5 53. Rb1 Kf6 54. Rf1 b4 55. Rd1 b3 56. Nxb3 Rxb3 57. Rd6+ Kg5 58. Rg6+ Kf4 59. Rb6 Rc3 60. Rb4+ Kg5 61. Rb1 Rc1+ 62. Rxc1 Bxc1 63. Kg1 Kf4 64. Kf1 Ke3 65. Ke1 f4 66. Kd1 Bd2 67. Kc2 Ke2 68. Kb3 Kf1 69. Kc2 Kxg2 70. Kb3 f3 71. Kc4 Kxh3 72. Kd4 g2 73. Kd5 g1=Q 74. Kc6 f2 75. Kc7 f1=Q 76. Kd7 Qd4+ 77. Ke8 Qf5 78. Ke7 Qdd7#) 51. Rf1+ Ke4 52. Rb1 f4 {[%cal Bf5f4,Bf4f3][%mdl 32]} 53. Rd1 f3 {Precision: White = 37%, Black = 87%.} ({Inferior is} 53... Rxb3 54. Rd4+ Bxd4 $11) 0-1

[Event "18th Prague Open-A 2019"]
[Site "Prague"]
[Date "2019.01.18"]
[Round "9"]
[White "Szpar, Milosz"]
[Black "Spiess, Gunter"]
[Result "1/2-1/2"]
[WhiteElo "2339"]
[BlackElo "2414"]
[Annotator "TA"]
[PlyCount "32"]
[EventDate "2019.01.11"]
[EventType "swiss"]
[EventCountry "CZE"]
[SourceTitle "playchess.com"]
[Source "ChessBase"]
[SourceQuality "1"]

{[%evp 15,16,42,24]} 1. e4 e6 2. d4 d5 3. Nc3 Nf6 4. Bg5 dxe4 5. Nxe4 Nbd7 6. Nf3 Be7 7. Nxf6+ Bxf6 8. h4 h6 {LiveBook: 60 Games} {Predecessor:} 9. Be3 $146 c5 10. Qd2 cxd4 11. Nxd4 a6 12. O-O-O Bxh4 13. g4 Be7 14. g5 Nb6 15. gxh6 gxh6 16. Bg2 e5 {1-0 (36) Baklan,V (2614)-Nanu,C (2517) Cesme 2016} 1/2-1/2

[Event "18th Prague Open-A 2019"]
[Site "Prague"]
[Date "2019.01.18"]
[Round "9"]
[White "Mishuchkov, Nikolai M."]
[Black "Llopis de Aysa, Manuel"]
[Result "1-0"]
[WhiteElo "2308"]
[BlackElo "2105"]
[Annotator "TA"]
[PlyCount "75"]
[EventDate "2019.01.11"]
[EventType "swiss"]
[EventCountry "CZE"]
[SourceTitle "playchess.com"]
[Source "ChessBase"]
[SourceQuality "1"]

{[%evp 16,75,37,37,42,37,43,43,40,21,17,1,1,-10,-12,-12,17,0,22,0,1,0,10,3,5,0,0,0,0,0,22,22,22,35,31,38,41,36,35,24,36,17,33,41,97,73,77,73,119,133,185,193,172,108,127,127,317,318,494,477,716,694]} 1. d4 g6 2. Nf3 Bg7 3. e4 d6 4. Nc3 Nf6 5. Be2 O-O 6. O-O c6 7. h3 Qc7 8. Bf4 Nbd7 9. e5 {LiveBook: 21 Games} Nh5 {B08: Pirc Defence: Classical System} (9... dxe5 10. Nxe5 Nxe5 11. Bxe5 Qb6 12. Na4 Qd8 13. Bf3 Nd5 14. Re1 Nb6 15. Nc5 Bxe5 16. dxe5 a5 17. e6 Bxe6 18. Nxe6 Qxd1 19. Raxd1 fxe6 20. Rxe6 {1-0 (54) Shirov,A (2751)-Nikolic,P (2659) Monte Carlo 2000}) 10. exd6 exd6 11. Bh2 {aiming for Ne4.} Nhf6 {White is slightly better.} 12. Nd2 Re8 13. Nc4 $146 ({Predecessor:} 13. Bf3 Nb6 14. Nce4 Nxe4 15. Nxe4 Rd8 16. Re1 Bf5 17. c3 {1-0 (36) Borik,O (2400)-Mohrlok,D Germany West 1977}) 13... Bf8 14. Bd3 b5 15. Ne3 b4 16. Ne2 Nb6 17. c4 bxc3 18. Nxc3 Be6 19. Rc1 Qd7 20. Qc2 a5 21. Ne4 Nxe4 22. Bxe4 d5 23. Qxc6 Qxc6 24. Rxc6 {Threatens to win with Bf3.} dxe4 25. Rxb6 Red8 26. Be5 $36 {[%mdl 2048] White fights for an advantage.} Bxa2 27. Ng4 Bg7 28. Ra1 Be6 29. Nf6+ Kh8 (29... Bxf6 $1 $14 30. Bxf6 Rdc8) 30. g4 a4 31. Kg2 Bb3 32. Rc1 Rdc8 (32... Ba2 $16 33. Rc5 Be6) 33. Rxc8+ $18 Rxc8 {[#]} 34. Kg3 ({But not} 34. Nxe4 $6 Bd5 $14) ({White should try} 34. Rb5 $1 $18) 34... h6 35. h4 Rd8 $2 (35... Bxf6 $16 36. Bxf6+ (36. Rxf6 Kh7 $14) 36... Kh7) 36. g5 (36. Nxe4 Bxe5+ 37. dxe5 Ra8 $16) 36... h5 (36... Ra8 {might work better.} 37. Kf4 (37. Nxe4 Bxe5+ 38. dxe5 Kg7 $16) 37... Bxf6 38. Bxf6+ (38. Rxf6 Kg8 $16) 38... Kg8) 37. Kf4 Bd5 (37... Bc4 $142 38. Kxe4 Ra8) 38. Bc7 {Accuracy: White = 68%, Black = 36%.} 1-0

[Event "18th Prague Open-A 2019"]
[Site "Prague"]
[Date "2019.01.18"]
[Round "9"]
[White "Kulkarni Bhakti"]
[Black "Vokac, Marek"]
[Result "1-0"]
[WhiteElo "2303"]
[BlackElo "2380"]
[Annotator "TA"]
[PlyCount "105"]
[EventDate "2019.01.11"]
[EventType "swiss"]
[EventCountry "CZE"]
[SourceTitle "playchess.com"]
[Source "ChessBase"]
[SourceQuality "1"]

{[%evp 20,105,-37,-47,-10,-16,-18,-36,8,12,32,0,127,172,156,132,167,96,172,146,193,235,255,228,241,283,309,252,275,238,374,309,366,358,441,403,487,467,468,459,447,389,434,437,410,360,443,408,384,214,454,368,343,158,304,299,307,297,401,359,373,396,501,496,503,462,532,443,423,222,511,276,554,541,773,757,2226,2123,2051,1316,1988,1368,29976,29977,29977,29978,29966,29970]} 1. e4 c5 2. c3 Nf6 3. e5 Nd5 4. d4 cxd4 5. Qxd4 e6 6. Nf3 Nc6 7. Qe4 f5 8. exf6 Nxf6 9. Qh4 d5 10. Bd3 Bd6 11. Bg6+ {LiveBook: 18 Games. B22: Sicilian: 2 c3} Kd7 (11... Ke7 $5 {[%cal Rh7g6]} 12. Bc2 h6 $17) (11... Ke7 12. Bc2 h6 13. Nd4 g5 14. Qh3 e5 15. Nf5+ Kd7 16. Nxd6+ Kxd6 17. Qd3 Kc7 18. Na3 Be6 19. b4 e4 20. Qg3+ {1-0 (20) Makowski,T (2569)-Tritt,M (2572) ICCF email 2006}) 12. Bc2 h6 13. Be3 $146 {The position is equal.} ({Predecessor:} 13. Qa4 a6 14. Na3 Rb8 15. Bg6 b5 16. Qd1 Kc7 17. O-O e5 18. Nc2 Ne7 {½-½ (26) Gomez,F (2059)-Canizares Cuadra,P (2039) IECC email 2003}) 13... g5 14. Qa4 a6 15. Nd4 b5 {[#]} (15... Qb6 $11 {remains equal.} 16. b4 e5) 16. Nxb5 $1 $16 {[%mdl 512]} axb5 17. Qxa8 {Black must now prevent Na3.} Ne8 {Strongly threatening ...Nc7.} 18. b4 $1 Qf6 (18... Qc7 $16) 19. Qa3 Nc7 20. O-O Bb7 21. Nd2 Ra8 22. Qb3 $1 Be5 23. Rad1 Kc8 24. Nb1 Ne8 (24... Bd6 $142 25. Bb6 Ra6) 25. Rfe1 Nd6 26. Bd3 Kc7 27. Qc2 Rf8 28. a4 bxa4 29. b5 Na5 30. Bd4 Bxd4 31. cxd4+ Nac4 32. Rd2 Kd7 33. Bxc4 dxc4 34. Rde2 (34. Qxa4 $142 {And now Nc3 would win.} Bxg2 35. d5 (35. Kxg2 Qf3+ 36. Kg1 Qg4+ 37. Kh1 Qf3+ 38. Kg1 Qg4+ 39. Kh1 Qf3+ 40. Kg1 $11) 35... Bxd5 36. Qa7+ Kc8 37. Rxd5 $1 {[%mdl 512]} exd5 38. Re7 Qxf2+ 39. Qxf2 Rxf2 40. Kxf2) 34... Qxd4 $2 (34... Qf5 35. Qxf5 (35. Qxa4 Bxg2 {[%mdl 64] Decoy} 36. Kxg2 Qg4+ 37. Kf1 Qh3+ {[%mdl 64] Double Attack} 38. Kg1 Qg4+ {[%mdl 64] Double Attack} 39. Kf1 Qh3+ {[%mdl 64] Double Attack} 40. Kg1 Qg4+ {[%mdl 64] Double Attack} 41. Kf1 $11) 35... Rxf5 36. Rxe6 Rxb5) 35. Rxe6 Kc8 36. Qd2 (36. Qe2 $18 {Hoping for Rd1.} Ne4 37. Rc1 (37. Rxe4 Bxe4 38. Nc3 Bd3 $14)) 36... Nxb5 (36... Qxd2 $16 37. Nxd2 Rd8) 37. Qxd4 $18 (37. Rxh6 Qxd2 38. Nxd2 c3 $16) 37... Nxd4 38. Rxh6 Rd8 39. Nc3 a3 40. Rg6 Nb3 {If Black can now play ...Rd3 this consolidates a bit.} 41. Rxg5 Rd3 42. Rg3 Kd7 43. Rxd3+ cxd3 {[%mdl 4096] Endgame KRN-KBN} 44. f3 (44. Rb1 $142 Bd5 45. Nxd5) 44... Kc6 $2 (44... d2 45. Rb1 Bd5) 45. h4 {[%cal Bh2h4,Bh4h5][%mdl 32]} Kc5 $2 (45... d2 {keeps fighting.} 46. Rb1 Kc5 47. Rxb3 {[%mdl 64] Double Attack} a2) 46. h5 d2 {[#]} 47. Rd1 $1 Ba6 48. Ne4+ {[%mdl 64] Double Attack} Kb4 49. Nxd2 Be2 50. Rb1 a2 51. Rxb3+ {White mates.} Ka4 {[#]} 52. Rb1 $3 axb1=Q+ 53. Nxb1 {Accuracy: White = 67%, Black = 18%.} 1-0

[Event "18th Prague Open-A 2019"]
[Site "Prague"]
[Date "2019.01.18"]
[Round "9"]
[White "Ajay Krishna, S."]
[Black "Plischki, Sebastian"]
[Result "0-1"]
[WhiteElo "2289"]
[BlackElo "2426"]
[Annotator "TA"]
[PlyCount "94"]
[EventDate "2019.01.11"]
[EventType "swiss"]
[EventCountry "CZE"]
[SourceTitle "playchess.com"]
[Source "ChessBase"]
[SourceQuality "1"]

{[%evp 14,94,19,21,21,21,21,17,17,13,26,28,24,28,35,5,20,20,22,31,39,19,16,14,35,13,37,-38,21,-25,-18,-41,59,64,47,56,57,47,60,-33,-25,-51,-7,-36,-34,-77,-87,-266,-288,-252,-253,-861,-828,-1121,-1114,-735,-1148,-1006,-1136,-29987,-29988,-29990,-29991,-29991,-949,-954,-947,-4906,-4902,-4710,-4018,-5135,-5127,-29983,-29984,-29985,-29981,-29981,-29982,-29982,-29983,-29983,-29983]} 1. Nf3 Nf6 2. c4 g6 3. Nc3 Bg7 4. g3 O-O 5. Bg2 c6 6. O-O d6 7. d3 a6 8. Bd2 {LiveBook: 17 Games. A16: English Opening: 1...Nf6 with ...d5} (8. Rb1 b5 9. b4 bxc4 10. dxc4 Bf5 11. Rb3 Be6 12. Qd3 d5 13. cxd5 Nxd5 14. Nxd5 Qxd5 15. Bg5 Qxd3 16. Rxd3 Bxa2 17. Bxe7 {½-½ (29) Kveinys,A (2524)-Berkes,F (2649) Cappelle-la-Grande 2016}) 8... Re8 9. Rc1 e5 10. b4 {The position is equal.} d5 11. Bg5 $146 ({Predecessor:} 11. cxd5 cxd5 12. Na4 Nc6 13. a3 h6 14. h3 e4 15. Ne1 Bf5 16. Nc5 Qe7 17. Bc3 Rad8 18. Ba1 Nb8 {½-½ (18) Machlowski,S (2112)-Karlik,V (2222) Czech Republic 2017}) 11... h6 12. Bxf6 $1 Bxf6 13. cxd5 cxd5 14. e4 d4 15. Nd5 {[#] Rxc8! is the strong threat.} Nc6 16. Nd2 Be6 17. a3 Bg7 18. Nc4 h5 19. Qd2 Rb8 20. a4 (20. Ncb6 $14) 20... Kh7 (20... Bxd5 $15 21. exd5 Ne7) 21. f4 exf4 22. Qxf4 Bh6 ({Black should try} 22... Bxd5 $15 23. exd5 Nxb4) 23. Nf6+ $14 Kg7 24. Nxe8+ Qxe8 25. Qf6+ Kg8 26. Rb1 ({Of course not} 26. Nd6 Be3+ 27. Kh1 Qd7 $11) (26. b5 $1 $14 Bxc1 27. Rxc1 (27. bxc6 Be3+ 28. Nxe3 dxe3 $15)) 26... Bxc4 27. dxc4 Ne5 (27... Bg7 $5 {[%cal Rg7f6]} 28. Qf3 Ne5 $11) 28. c5 d3 {[%mdl 1024] Black has compensation.} 29. h3 Bg7 30. Qd6 $2 (30. Qf2 $17 {is a better defense.}) 30... Rd8 $19 31. Qb6 Qe7 32. b5 $2 (32. Kh1 Nc4 33. Qa7) 32... Nc4 33. Qa7 Bd4+ 34. Kh2 Bxc5 35. b6 Ne5 36. Rf6 Qxf6 37. Qxb7 d2 38. Qc7 Qd6 (38... d1=Q $142 39. Rxd1 Rxd1 40. Qb8+ Kh7 41. Qg8+ Kxg8 42. b7 Bg1+ 43. Kh1 Bf2+ 44. Kh2 {[#]} Bxg3+ $1 {[%mdl 512]} 45. Kxg3 h4+ 46. Kh2 Qf4#) 39. Qxd6 Bxd6 40. b7 Bb8 41. Rd1 Nc4 42. Bf3 h4 {[%cal Bh5h4,Bh4g3][%mdl 32]} 43. Be2 hxg3+ {Black mates.} 44. Kh1 Ne3 45. Rb1 d1=Q+ 46. Bxd1 Rxd1+ 47. Rxd1 Nxd1 {Precision: White = 36%, Black = 64%.} 0-1